000 00507cam a2200193ua 4500
020 _c37.50
041 _aeng
_h
082 _a519.5
_bDIX/IN
100 _aDixon, Wilfred J .
245 _aIntroduction to statistical analysis /
_cWilfred J Dixon.
_hTextual Documents
250 _a2 /
_b.
260 _aNew York :
_bMcGraw Hill Book Company ,
_c1957.
300 _a488 :
_b506 ; .
365 _a37.50
504 _a
700 1 _aMassey, Frank J .
942 _cBK
999 _c10511
_d10511